| 000 | 00647nam a2200229Ia 4500 | ||
|---|---|---|---|
| 003 | OSt | ||
| 005 | 20240401121823.0 | ||
| 008 | 210210b1948 xxu||||| |||| 00| 0 eng d | ||
| 040 | _cAL | ||
| 041 | _aKannada | ||
| 082 | _a852/469 | ||
| 100 |
_aRAJARATNAM (G P) _9137079 _dರಾಜರತ್ನಂ ಜಿ ಪಿ. |
||
| 245 |
_aPampabharata sara: purva bhaga _bಪಂಪಭಾರತ ಸಾರ : ಪೂರ್ವ ಭಾಗ |
||
| 260 |
_b- _c1948 |
||
| 650 |
_asAra: _9137080 |
||
| 650 |
_apUrva _9137081 |
||
| 650 |
_aPampabharata _9137082 |
||
| 650 |
_abhaga _9137083 |
||
| 690 |
_aKannada Prose _9137084 |
||
| 906 | _a019035 | ||
| 942 |
_2ddc _cBK |
||
| 999 |
_c143086 _d143086 |
||